000 00374 a2200169 4500
001 182562
020 _a85-00-60476-X
040 _cMagnum
100 _aQueiroz, Eça de
240 1 0 _aO crime do Padre Amaro
_lpor
245 1 0 _aO crime do Padre Amaro
300 _a277
362 0 _a1998
440 1 _aEdiouro
697 _aLITERATURA GERAL ESTRANGEIRA
942 _cBK
999 _c182562
_d182562